| 000 | 00964cab a22002055a 4500 | ||
|---|---|---|---|
| 001 | L156538 | ||
| 008 | 120606e2012 xxk 000 0 eng d | ||
| 035 | _a(Sirsi) u156538 | ||
| 041 | 0 | _aeng | |
| 110 | 2 |
_aFM World _95643 |
|
| 245 | 0 | 0 |
_aThink Tank _btotal FM sceptics abound _h[electronic resource] |
| 260 | _c2012 | ||
| 490 | 0 |
_aFM World Online _v30 May 2012 |
|
| 520 | _aWhitehall and large total facilities management (TFM) providers may be confident that TFM has a continuingly bright future but a large percentage of facilities managers (FMs) are sceptical. Six out of 10 respondents to the latest Think Tank Poll believe that there will be fewer and not more TFM deals done in the coming years than in the past. | ||
| 590 | _aKA | ||
| 651 | 4 | _aUnited Kingdom | |
| 690 |
_aFacilities management _96240 |
||
| 856 | 4 | 0 |
_uhttps://www.fm-world.co.uk/news/fm-industry-news/think-tank-tfm-sceptics-abound _zView the article at www.fm-world.co.uk |
| 942 | _n0 | ||
| 999 |
_c84064 _d84064 |
||